000 00827nam a22002177a 4500
999 _c10751
_d10751
005 20251125232828.0
008 s2544 th tha d
020 _a9741314426
040 _aNALT
041 _atha
050 _aHF5387 จ482จ 2544
100 0 _aจินตนา บุญบงการ
245 1 0 _aจริยธรรมทางธุรกิจ / จินตนา บุญบงการ
260 3 _aกรุงเทพฯ :
_bสำนักพิมพ์แห่งจุฬาลงกรณ์มหาวิทยาลัย,
_c2544
300 _a145 หน้า ;
_b 21 ซม.
650 0 4 _aจรรยาบรรณทางธุรกิจ
850 _aNALT
856 4 0 _uhttps://hdl.handle.net/20.500.14156/448494
_71
942 _cGB
_2lcc